Miscelanea marroquí / (Record no. 61145)

MARC details
000 -LEADER
campo de control de longitud fija 00582nam a2200169 i 4500
001 - NÚMERO DE CONTROL
campo de control 61145
003 - IDENTIFICADOR DE NÚMERO DE CONTROL
campo de control ES-MaACL
005 - FECHA Y HORA DE LA ÚLTIMA TRANSACCIÓN
campo de control 20230906164400.0
007 - CAMPO FIJO DE DESCRIPCIÓN FÍSICA--INFORMACIÓN GENERAL
campo de control de longitud fija t|
008 - DATOS DE LONGITUD FIJA--INFORMACIÓN GENERAL
campo de control de longitud fija 031110s1953 sp ||||1| spa d
100 1# - ENTRADA PRINCIPAL--NOMBRE DE PERSONA
Nombre de persona Tabyi, Al.
9 (RLIN) 109045
245 10 - MENCIÓN DEL TÍTULO
Título Miscelanea marroquí /
Mención de responsabilidad, etc. por Al-Tabyi.
260 ## - PUBLICACIÓN, DISTRIBUCIÓN, ETC.
Lugar de publicación, distribución, etc. [Ceuta :
Nombre del editor, distribuidor, etc. Instituto General Franco de Estudios e Investigación Hispano-Arabe,
Fecha de publicación, distribución, etc. 1953] (
Fabricante Imp. Imperio)
300 ## - DESCRIPCIÓN FÍSICA
Extensión 490 p., 3 lám. ;
Dimensiones 22 cm.
710 2# - ENTRADA AGREGADA--NOMBRE DE ENTIDAD CORPORATIVA
Nombre de entidad corporativa o nombre de jurisdicción como elemento de entrada Instituto General Franco de Estudios e Investigación Hispano-Árabe.
9 (RLIN) 149197
852 ## - LOCALIZACIÓN
Ubicación ES-MaACL
Número de control de estantería C-10937
Sublocalización o colección R.38850
Holdings
Estatus retirado Estado de pérdida Estado de daño No para préstamo Biblioteca de origen Biblioteca actual Ubicación en estantería Fecha de adquisición Fuente de adquisición Total de préstamos Signatura topográfica completa Código de barras Visto por última vez Precio de reemplazo Tipo de ítem Koha
        Biblioteca del Ateneo de Madrid Biblioteca del Ateneo de Madrid Sala Palomar 17/01/2008     C-10937 1064119 23/02/2023 23/02/2023 Libro impreso